00981nam a22002177a 4500999001700000003000900017008004100026040007100067082002600138100002900164245016200193260003400355300002800389505014700417650001700564650002200581650001800603942001600621945002000637952010600657 c11884d11884AR-CdUCM190405b ||||| |||| 00| 0 spa d aMUNICIPALIDAD PROVINCIAL DEL CUSCOcBIBLIOTECA MUNICIPAL DEL CUSCO a301.984 /bB32 / 1924 aPedregal, Juan Francisco aLa mascara de estuco :bDivagaciones perogrullescas sobre sociología boliviana, política, derecho publico y otras menudencias de actualidad permanente /  aLa Paz :bArnó Hnos,c1924. a240 páginas ;c20 cm. aContenido : A guisa de prologo -- Prolegomenos -- Hay hombres buenos y hay hombres malos -- Ética recreativa -- La geografía nacional ...  aSociedad953 aSociología9276 aBolivia91138 2ddccLIBROS arahd05/04/2019 002ddc4070aSCAbSCAcCARTd2019-04-05g30.00o301.984 / B32 / 1924pSCA0001804r2019-04-05yLIBROS